Les plus gros transferts du football - Défenseurs centraux - 2014-2015 - Statistiques

Statistiques générales
  • Ce quiz a été pris 40 fois
  • Le résultat moyen est 6 sur 10
Statistiques - réponses
Montant de transfert (M €) Nationalité Venant de Allant à Joueur % Correct
49,50 Brésil Chelsea Paris SG David Luiz
100%
45,00 France FC Porto Manchester City Eliaquim Mangala
79%
25,30 Croatie Southampton Liverpool Dejan Lovren
74%
28,00 Maroc AS Roma Bayern Munich Medhi Benatia
74%
19,00 Belgique Arsenal Barcelone Thomas Vermaelen
61%
15,00 Grèce Olymp. Pirée AS Roma Konstantinos Manolas
55%
17,50 Pays-Bas Ajax Manchester United Daley Blind
53%
20,00 Argentine Sporting CP Manchester United Marcos Rojo
53%
15,00 Brésil Villarreal CF Arsenal Gabriel Paulista
24%
20,23 Angleterre Southampton Arsenal Calum Chambers
21%
Aucun quiz correspondant
Distribution des résultats
% des personnes avec chaque résultat
Percentile par nombre de réponses
Votre historique - résultats
Vous n’avez pas pris ce quiz